Schaum's Outline of Theory and Problems of Differential Equations (Record no. 277)

MARC details
000 -LEADER
fixed length control field 01311pam a2200325 a 4500
001 - CONTROL NUMBER
control field 2033679
003 - CONTROL NUMBER IDENTIFIER
control field OSt
005 - DATE AND TIME OF LATEST TRANSACTION
control field 20231216091110.0
008 - FIXED-LENGTH DATA ELEMENTS--GENERAL INFORMATION
fixed length control field 921124s1994 nyua 001 0 eng
010 ## - LIBRARY OF CONGRESS CONTROL NUMBER
LC control number 92041809
020 ## - INTERNATIONAL STANDARD BOOK NUMBER
International Standard Book Number 0070080194
040 ## - CATALOGING SOURCE
Original cataloging agency DLC
Transcribing agency DLC
Modifying agency DLC
050 00 - LIBRARY OF CONGRESS CALL NUMBER
Classification number QA372
Item number .B856 1994
082 00 - DEWEY DECIMAL CLASSIFICATION NUMBER
Classification number 515.35 BRO 1994
Edition number 20
100 1# - MAIN ENTRY--PERSONAL NAME
Personal name Bronson, Richard.
9 (RLIN) 750
245 10 - TITLE STATEMENT
Title Schaum's Outline of Theory and Problems of Differential Equations
250 ## - EDITION STATEMENT
Edition statement 2nd ed.
260 ## - PUBLICATION, DISTRIBUTION, ETC. (IMPRINT)
Place of publication, distribution, etc. New York;
Name of publisher, distributor, etc. McGraw-Hill,
Date of publication, distribution, etc. c1994.
300 ## - PHYSICAL DESCRIPTION
Extent x, 358 p. :
Other physical details ill. ;
Dimensions 28 cm.
500 ## - GENERAL NOTE
General note Updated ed. of Schaum's outline of modern introductory differential equations. c1973.
500 ## - GENERAL NOTE
General note Includes index.
650 #0 - SUBJECT ADDED ENTRY--TOPICAL TERM
Topical term or geographic name as entry element Differential equations.
9 (RLIN) 751
740 0# - ADDED ENTRY--UNCONTROLLED RELATED/ANALYTICAL TITLE
Uncontrolled related/analytical title Differential equations.
856 42 - ELECTRONIC LOCATION AND ACCESS
Materials specified Publisher description
Uniform Resource Identifier <a href="http://www.loc.gov/catdir/description/mh022/92041809.html">http://www.loc.gov/catdir/description/mh022/92041809.html</a>
856 41 - ELECTRONIC LOCATION AND ACCESS
Materials specified Table of contents only
Uniform Resource Identifier <a href="http://www.loc.gov/catdir/toc/mh021/92041809.html">http://www.loc.gov/catdir/toc/mh021/92041809.html</a>
856 42 - ELECTRONIC LOCATION AND ACCESS
Materials specified Contributor biographical information
Uniform Resource Identifier <a href="http://www.loc.gov/catdir/enhancements/fy0661/92041809-b.html">http://www.loc.gov/catdir/enhancements/fy0661/92041809-b.html</a>
906 ## - LOCAL DATA ELEMENT F, LDF (RLIN)
a 7
b cbc
c orignew
d 1
e ocip
f 19
g y-gencatlg
942 ## - ADDED ENTRY ELEMENTS (KOHA)
Source of classification or shelving scheme Other/Generic Classification Scheme
Koha item type Book Bank
Holdings
Withdrawn status Lost status Source of classification or shelving scheme Damaged status Not for loan Home library Current library Date acquired Source of acquisition Inventory number Total Checkouts Full call number Barcode Date last seen Koha item type
    Dewey Decimal Classification     MUST Main Library MUST Main Library 24/07/2014 Purchase 05/24737   515.35 BRO 1994 2014-1399 24/07/2014 Book Bank
    Dewey Decimal Classification     MUST Main Library MUST Main Library 24/07/2014 Purchase 05/24743   515.35 BRO 1994 2014-1400 24/07/2014 Book Bank
    Dewey Decimal Classification     MUST Main Library MUST Main Library 24/07/2014 Purchase 05/24738   515.35 BRO 1994 2014-1401 24/07/2014 Book Bank